000 00781nam a2200217 i 4500
001 141944
003 ES-MaACL
005 20250728181439.0
007 t|
008 071001s1960 sp |||| |dspa d
080 _a929 Boix y Merino, Félix
080 _a929 Maristany y Gibert, Eduardo
100 1 _aWais San Martín, Francisco.
_9115873
245 1 0 _aDos ingenieros famosos de los ferrocarriles españoles
_b: don Eduardo Maristany y Gibert y don Félix Boix y Merino /
_cpor Francisco Wais San Martín.
260 _aMadrid :
_b[s.n.],
_c1960 (
_fHijos de E. Minuesa)
300 _a53 p. ;
_c24 cm.
600 1 4 _aMaristany y Gibert, Eduardo.
_9129510
600 1 4 _aBoix y Merino, Félix,
_d1858-1932
_929892
852 _aES-MaACL
_jC-19621
999 _c141944
_d141944